Somorján ünnepelték az anyanyelv határtalanságát

Bibliographic Details
Main Author: Kiss Bartalos, Éva (Author)
Format: Article
Language:Hungarian
PhysicalDescription:Fotografie
ISSN:1335-7050
Subjects:

MARC

LEADER 00000nab a2200000 4500
001 vtls012131684
003 SK-MaSNL
005 20260318132830.0
008 220421|20220421xo |||| || ||00 0|hun
015 |a SNBRB2022/04 
040 |a DSZK  |b slo  |c DSZK  |e rda 
041 |a hun 
043 |a e-xo--- 
044 |a xo  |c SK 
072 7 |a 394  |x Verejný a spoločenský život. Každodenný život  |2 konspekt 
080 |a 394.1/.7  |2 2011 
100 1 |a Kiss Bartalos, Éva  |4 aut  |9 670118 
245 1 0 |a Somorján ünnepelték az anyanyelv határtalanságát  |c Kiss Bartalos Éva 
300 |b Fotografie 
336 |a text  |b txt  |2 rdacontent 
337 |a bez média  |b n  |2 rdamedia 
338 |a zväzok  |b nc  |2 rdacarrier 
610 2 7 |a Anyanyelvápolók Szövetsége (Budapešť, Maďarsko)  |2 dszk  |9 1194936 
610 2 7 |a Mestské kultúrne stredisko (Šamorín, Slovensko)  |2 dszk  |9 1194203 
611 2 7 |a Týždeň maďarského jazyka  |n (56. :  |d 2022 :  |c Šamorín, Slovensko)  |2 dszk  |9 1194937 
611 2 7 |a Magyar nyelv hete  |n (56. :  |d 2022 :  |c Šamorín, Slovensko)  |2 dszk  |9 1194938 
650 0 7 |a kultúrne podujatia  |2 SNKPH  |9 71676 
651 7 |a Šamorín (Slovensko)  |2 SNKPHgeo  |9 28925 
773 0 |t Új szó  |g Évf. 75, sz. 91 (2022.04.21.), o. 5  |x 1335-7050 
958 |a SK 
958 |a HU 
958 |a RG 
999 |c 2079480  |d 2081410